Los dioses ocultos (Record no. 13880)
[ view plain ]
| 000 -LEADER | |
|---|---|
| campo de control de longitud fija | 01194nam a22003375i 4500 |
| 001 - NÚMERO DE CONTROL | |
| campo de control | 13880 |
| 003 - IDENTIFICADOR DE NÚMERO DE CONTROL | |
| campo de control | ES-MaACL |
| 005 - FECHA Y HORA DE LA ÚLTIMA TRANSACCIÓN | |
| campo de control | 20250924165252.0 |
| 007 - CAMPO FIJO DE DESCRIPCIÓN FÍSICA--INFORMACIÓN GENERAL | |
| campo de control de longitud fija | t| |
| 008 - DATOS DE LONGITUD FIJA--INFORMACIÓN GENERAL | |
| campo de control de longitud fija | 980717s1997 sp ||||0| spa j |
| 020 ## - NÚMERO INTERNACIONAL ESTÁNDAR DEL LIBRO | |
| Número Internacional Estándar del Libro | 84-7658-508-X |
| 040 ## - FUENTE DE CATALOGACIÓN | |
| Centro catalogador/agencia de origen | M-BN |
| Lengua de catalogación | spa |
| Centro/agencia transcriptor | M-BN |
| 080 ## - NÚMERO DE LA CLASIFICACIÓN DECIMAL UNIVERSAL | |
| Número de la Clasificación Decimal Universal | 159.964.212.4 |
| 080 ## - NÚMERO DE LA CLASIFICACIÓN DECIMAL UNIVERSAL | |
| Número de la Clasificación Decimal Universal | 167/168 |
| 245 04 - MENCIÓN DEL TÍTULO | |
| Título | Los dioses ocultos |
| Resto del título | : Círculo Eranos II / |
| Mención de responsabilidad, etc. | E. Neumann... [et al.] ; proemio de Carl G. Jung ; presentación de A. Ortíz-Osés. |
| 250 ## - MENCION DE EDICION | |
| Mención de edición | 1ª ed. |
| 260 ## - PUBLICACIÓN, DISTRIBUCIÓN, ETC. | |
| Lugar de publicación, distribución, etc. | Barcelona : |
| Nombre del editor, distribuidor, etc. | Anthropos ; |
| Lugar de publicación, distribución, etc. | Santafé de Bogotá : |
| Nombre del editor, distribuidor, etc. | Uniandes, |
| Fecha de publicación, distribución, etc. | 1997. |
| 300 ## - DESCRIPCIÓN FÍSICA | |
| Extensión | 221 p. : |
| Otras características físicas | il. ; |
| Dimensiones | 20 cm. |
| 490 1# - MENCIÓN DE SERIE | |
| Mención de serie | Autores, textos y temas. Hermeneusis ; |
| Designación de volumen o secuencia | 15 |
| 500 ## - NOTA GENERAL | |
| Nota general | Selección de textos de Eranos Jahrbuch. |
| 650 #7 - PUNTO DE ACCESO ADICIONAL DE MATERIA--TÉRMINO DE MATERIA | |
| Término de materia o nombre geográfico como elemento de entrada | Simbolismo (Psicología) |
| Fuente del encabezamiento o término | embne |
| 9 (RLIN) | 17108 |
| 650 #4 - PUNTO DE ACCESO ADICIONAL DE MATERIA--TÉRMINO DE MATERIA | |
| Término de materia o nombre geográfico como elemento de entrada | Hermenéutica. |
| 9 (RLIN) | 13329 |
| 700 1# - ENTRADA AGREGADA--NOMBRE PERSONAL | |
| Nombre de persona | Neumann, Erich. |
| 9 (RLIN) | 85441 |
| 700 1# - ENTRADA AGREGADA--NOMBRE PERSONAL | |
| Nombre de persona | Ortiz-Osés, Andrés, |
| Fechas asociadas al nombre | 1943-2021 |
| 9 (RLIN) | 87635 |
| 700 1# - ENTRADA AGREGADA--NOMBRE PERSONAL | |
| Nombre de persona | Jung, Carl G., |
| Fechas asociadas al nombre | 1875-1961 |
| 9 (RLIN) | 67282 |
| 730 0# - ASIENTO SECUNDARIO--TITULO UNIFORME | |
| Título uniforme | Eranos Jahrbuch. |
| 9 (RLIN) | 121217 |
| 740 0# - ENTRADA AGREGADA--TÍTULO RELACIONADO/ANALÍTICO NO CONTROLADO | |
| Título relacionado o analítico no controlado | Círculo Eranos II. |
| 830 0# - PUNTO DE ACCESO ADICIONAL DE SERIE-TÍTULO UNIFORME | |
| Título uniforme | Autores, textos y temas. Hermeneusis ; |
| Designación de volumen o secuencia | 15 |
| 9 (RLIN) | 177421 |
| 852 ## - LOCALIZACIÓN | |
| Ubicación | ES-MaACL |
| Número de control de estantería | L-21343 |
| Sublocalización o colección | R.126499 |
| Estatus retirado | Estado de pérdida | Estado de daño | No para préstamo | Biblioteca de origen | Biblioteca actual | Ubicación en estantería | Fecha de adquisición | Fuente de adquisición | Total de préstamos | Signatura topográfica completa | Código de barras | Visto por última vez | Precio de reemplazo | Tipo de ítem Koha |
|---|---|---|---|---|---|---|---|---|---|---|---|---|---|---|
| Biblioteca del Ateneo de Madrid | Biblioteca del Ateneo de Madrid | Depósito 2 | 17/01/2008 | L-21343 | 1014124 | 23/02/2023 | 23/02/2023 | Libro impreso |
